000 01724cam a22004814a 4500
001 muse84898
003 MdBmJHUP
005 20210127151626.0
006 m o d
007 cr||||||||nn|n
008 970328s1996 mx o 00 0 spa d
010 _z 97133650
020 _a9786076288542
020 _z9681206975
020 _z9789681206970
035 _a(OCoLC)1151461895
040 _aMdBmJHUP
_cMdBmJHUP
043 _an-mx---
050 0 4 _aPM3008
_b.Z39 1996
082 0 _a492/.0972
_221
100 1 _aZavala, Silvio,
_d1909-2014.
245 1 0 _aPoder y lenguaje desde el siglo XVI
_cSilvio Zavala.
250 _a1. ed.
264 1 _bColegio de Mexico, Centro de Estudios Lingüísticos y Literarios,
264 3 _bProject MUSE,
300 _a1 online resource (165 p.)
500 _a"Número especial, Cátedra Jaime Torres Bodet."
504 _aIncludes bibliographical references and index.
506 0 _aOpen Access
_fUnrestricted online access
_2star
588 _aDescription based on print version record.
650 0 _aLanguage policy
_zMexico
_xHistory.
650 0 _aSpanish language
_zMexico
_xHistory.
650 0 _aIndians of Mexico
_xLanguages
_xHistory.
655 7 _aElectronic books.
_2local
710 2 _aColegio de Mexico.
_bCentro de Estudios Lingüísticos y Literarios.
_bCátedra Jaime Torres Bodet.
710 2 _aProject Muse.
_edistributor
830 0 _aBook collections on Project MUSE.
856 4 0 _zFull text available:
_uhttps://muse.jhu.edu/book/74634/
999 _c26442
_d26442